000 00418nam a2200193Ia 4500
008 210210b1901 xxu||||| |||| 00| 0 eng d
041 _aeng
082 _a444/326
100 _aNINET (M)
245 _aUn petit voyage a Paris
260 _aLondon
_bBlackie & Son Ltd.
_c1901
650 _avoyage
650 _aUn
650 _apetit
650 _aParis
650 _aa
690 _aFrench
906 _a006521
999 _c129510
_d129510